| 000 | 01097nam a22002537a 4500 | ||
|---|---|---|---|
| 003 | Uzh_bibl | ||
| 008 | 260427b |||||||| |||| 00| 0 ukr d | ||
| 020 |
_a5-301-00010-1 _c10,35 |
||
| 040 | _bукр. | ||
| 041 |
_2eng _aukr |
||
| 080 | _a821.161.1 | ||
| 090 |
_a821.161.1 _bД 45 |
||
| 100 | _aДікман, Міп | ||
| 245 |
_aВітрильники солоного колодязя _cПер.Ярослава Довгополого _hТекст |
||
| 260 |
_aКиїв _b"Веселка" _c1988 |
||
| 300 |
_a143 с. _bіл. |
||
| 520 | _aПовість сучасної нідерландської письменниці про підлітка з Антільських островів, який урятував життя політичному в'язневі. | ||
| 521 | _aДля широкого кола читачів | ||
| 546 | _aукр. | ||
| 650 | _aЛітературно-художнє видання | ||
| 653 |
_aДе зараз незнайомець _aВелика паща |
||
| 655 |
_aХудожня література _vПовість |
||
| 942 |
_2udc _cBK |
||
| 999 |
_c17525 _d17525 |
||